00400nam a2200157Ia 45000010006000000050017000060080041000230410008000640820013000721000028000852450072001132600009001853000032001946500008002266540008002341748220260306171520.0260306s9999||||xx |||||||||||||| ||und|| aESP a658bO47 aOllé, MontserrateAUT 0aEl plan de empresa:bcómo planificar la creación de una empresa c1998 axv, 166 páginas :c24 cm. aGEN aCAN